| 000 | 01372nam a22003737a 4500 | ||
|---|---|---|---|
| 003 | CHAP | ||
| 005 | 20220329143048.0 | ||
| 008 | 051124d2004 mx abd r 00110 spa d | ||
| 010 | _a91397 | ||
| 011 | _a92369 | ||
| 035 | _a102933 | ||
| 040 | _cCHAP | ||
| 090 | _aTesis | ||
| 100 | 0 | 0 |
_aCatalán González, Jesús. _920476 |
| 245 | 1 | 0 |
_aProducción de miel en colmenas con dos lineas de abejas reina en Cuexcontlan, Gro. _c/por Jesús Catalán González |
| 260 |
_aCocula, Gro. : _bEl autor, _c2004 |
||
| 300 |
_a41 h. : _bilus. ; gráfs. ; mapa ; cuadros |
||
| 502 | _aTesis (Ing. Agr, Zootecnista) -- Colegio Superior Agropecuario del Estado de Guerrero. Centro de Estudios Profesionales | ||
| 590 |
_aALEPH _b10 _c20130110 _lUCH01 _h1507 |
||
| 590 |
_aBATCH-UPD _b10 _c20130110 _lUCH01 _h0410 |
||
| 590 |
_aBATCH-UPD _b10 _c20130110 _lUCH01 _h2010 |
||
| 590 |
_aBATCH-UPD _b10 _c20130410 _lUCH01 _h0044 |
||
| 590 |
_aBATCH-UPD _b10 _c20130913 _lUCH01 _h1820 |
||
| 590 |
_aBATCH-UPD _b10 _c20130914 _lUCH01 _h0900 |
||
| 590 |
_aCONVERSION _b10 _c20130109 _lUCH01 _h1351 |
||
| 650 | 1 | 4 |
_aAbejas reina. _9196 |
| 650 | 1 | 4 |
_aApicultura _xGuerrero. _96263 |
| 650 | 1 | 4 |
_aColmenas. _925339 |
| 650 | 1 | 4 |
_aMiel de abejas _xProducción. _975569 |
| 901 | _aBK | ||
| 905 | _aMarco A. Mendoza T. | ||
| 942 | _cTESIS | ||
| 949 |
_aTesis _bBC _cTES _d1029331 _eTS1 _gDonaciØn _h44374 _i102933 _sb |
||
| 999 |
_c91397 _d91397 |
||